000
00272nam a2200109Ia 4500
008
190913s9999||||xx |||||||||||||| ||und||
100
_a
Sodri Ariffin
245
0
_a
Fundamentals of Entrepreneurship
260
_a
Karachi
_b
Oxford Press
_c
1988
300
_a
782
942
_c
BK
999
_c
8215
_d
8215